00359nam a2200109Ia 4500008004100000020000600041100003300047245001900080999001900099942002600118952010500144211105s9999 xx 000 0 und d a" aVan Aswegen, Christi9123377 0aKosbare offer  c604833d604832 y296zPhillipina Naude 00104070aERMELLbERMELLd2021-11-08g63.00l0oLP AF VANAp33228019692860r2021-11-08w2021-11-08